The Role of Tilted implants in full Arch rehabilitation (Record no. 34201)

MARC details
000 -LEADER
fixed length control field 00351nam a22001457a 4500
003 - CONTROL NUMBER IDENTIFIER
control field SGT
020 ## - INTERNATIONAL STANDARD BOOK NUMBER
International Standard Book Number 9788198864437
082 ## - DEWEY DECIMAL CLASSIFICATION NUMBER
Classification number 617.69
Item number R25S
100 ## - MAIN ENTRY--PERSONAL NAME
Personal name Sharma, Divya
245 ## - TITLE STATEMENT
Title The Role of Tilted implants in full Arch rehabilitation
260 ## - PUBLICATION, DISTRIBUTION, ETC. (IMPRINT)
Name of publisher, distributor, etc Heal talk Publications
Year of Publication 2025
300 ## - PAGE DESCRIPTION
No. of Pages 62
650 ## - SUBJECT ADDED ENTRY--TOPICAL TERM
Topical term or geographic name as entry element Prosthodontics
942 ## - ADDED ENTRY ELEMENTS (KOHA)
Source of classification or shelving scheme Dewey Decimal Classification
Koha item type Books
Holdings
Withdrawn status Lost status Source of classification or shelving scheme Damaged status Not for loan Home library Current library Date acquired SGTU Total Checkouts Full call number Accession No. (Barcode) Date last seen Bill Date Koha item type
    Dewey Decimal Classification     SGT Dental Library SGT Dental Library 24/02/2026 SGTU   617.69 R25S FD10192 24/02/2026 24/02/2026 Books